Music Quiz

Random Music or Bands Quiz

Rock and Roll Hall of Famers II Quiz Stats

 Plays Quiz Updated Apr 16, 2016

Challenge
Share
Tweet
Score 0/30 Timer 07:00
1 Play Today
% Correct
KISS
96%
Elton John
94.9%
The Doors
92.9%
David Bowie
92.5%
Rod Stewart
91.9%
Ray Charles
90.8%
Guns N' Roses
87%
The Who
85.1%
Bob Dylan
83.4%
The Beach Boys
81.6%
Aretha Franklin
76.4%
Marvin Gaye
75.2%
B.B. King
75%
AC/DC
74.8%
The Mamas & the Papas
73.2%
% Correct
Fleetwood Mac
70.4%
Neil Young
64.3%
George Harrison
63.8%
Neil Diamond
63.6%
Joni Mitchell
57.7%
Sly and the Family Stone
54.8%
Jerry Lee Lewis
53.7%
Miles Davis
48.2%
Isaac Hayes
48%
Rush
41.8%
Pink Floyd
41.6%
Eagles
40.9%
Dusty Springfield
40%
The Velvet Underground
35.5%
Creedence Clearwater Revival
26.1%

You're not logged in!

Compare scores with friends on all Sporcle quizzes.
OR
Log In

You Might Also Like...

Show Comments

Extras

Top Quizzes Today


Score Distribution

Your Account Isn't Verified!

In order to create a playlist on Sporcle, you need to verify the email address you used during registration. Go to your Sporcle Settings to finish the process.

Report this User

Report this user for behavior that violates our Community Guidelines.

Details: